| 000 | 00732nam a22002057a 4500 | ||
|---|---|---|---|
| 999 |
_c15883 _d15883 |
||
| 003 | AR-CdUCM | ||
| 008 | 190430b ||||| |||| 00| 0 spa d | ||
| 040 |
_aMUNICIPALIDAD PROVINCIAL DEL CUSCO _cBIBLIOTECA MUNICIPAL DEL CUSCO |
||
| 082 |
_a868.39 / _bH46 |
||
| 100 |
_aHerrero Salgado, Felix _935080 |
||
| 245 | _aNarraciones de la España renacentista / | ||
| 260 |
_aMadrid : _bMagisterio español, _c1969. |
||
| 300 |
_a197 páginas ; _c18 cm. |
||
| 505 | _aContenido : Floresta española de apotegmas y sentencias Melchor de Santa Cruz-- Las seyscientas apotegmas Juan Fufo ... | ||
| 650 |
_aNarraciones _9930 |
||
| 650 |
_aRenacentista _95726 |
||
| 650 |
_aEspaña _9176 |
||
| 942 |
_2ddc _cLIBROS |
||
| 945 |
_arah _d30/04/2019 |
||